000 00466cam a22001691 4500
001 ltf91063014
003 DLC
005 20260227111553.0
008 910606s1959 xx 000 0 fre
010 _altf91063014
040 _aDLC
_cDLC
_dDLC
050 0 0 _a4PQ Fr 3363
100 1 _aDoyon, René-Louis,
_d1885-1966.
245 0 0 _aÀ la recherche du vrai;
_bá travers l'oeuvre de Claude Seignolle.
260 _a[n.p.]
_bLa Connaissance,
_c1959.
300 _a47 p.
999 _c37644
_d37644